000 00335 a2200145 4500
001 229149
003 ES-MaBCM
005 20241119100440.0
008 241119b sp ||||| |||| 00| 0 spa d
040 _cES-MaBCM
243 _aLos Pazos de Ulloa
245 _aLos Pazos de Ulloa
260 _bEdicións do Norte
942 _cAREV
_2udc
999 _c229149
_d229149